000 00549nam a2200169 a 4500
001 000019247
005 20200929165948.0
008 100528s1964 sp a r 000 0 spa d
040 _aDO-SdBNP
_bspa
_cBNPHU
082 _axxx
_bB191i
100 1 _aBallesteros Gaibrois, Manuel
_918526
245 1 0 _aIsabel de Castilla, reina católica de España /
_cManuel Ballesteros Gaibrois.
260 _aMadrid :
_bEditora Nacional,
_c1964.
300 _a275 p. :
_bil. ;
_c24 cm.
500 _aEn la portada: XXV aniversario de la paz española
049 _aBNGR
999 _c18765
_d18765